A new world order : (Record no. 15577)
[ view plain ]
| 000 -LEADER | |
|---|---|
| fixed length control field | 02002cam a2200265 a 4500 |
| 001 - CONTROL NUMBER | |
| control field | 12657965 |
| 005 - DATE AND TIME OF LATEST TRANSACTION | |
| control field | 20170105102921.0 |
| 008 - FIXED-LENGTH DATA ELEMENTS--GENERAL INFORMATION | |
| fixed length control field | 010704s2001 enk e 000 0 eng |
| 010 ## - LIBRARY OF CONGRESS CONTROL NUMBER | |
| LC control number | 2002318412 |
| 020 ## - INTERNATIONAL STANDARD BOOK NUMBER | |
| International Standard Book Number | 0436205602 |
| 035 ## - SYSTEM CONTROL NUMBER | |
| System control number | (UkLWHE)b000119507 |
| 040 ## - CATALOGING SOURCE | |
| Original cataloging agency | DLC |
| Transcribing agency | DLC |
| Modifying agency | DLC |
| 050 00 - LIBRARY OF CONGRESS CALL NUMBER | |
| Classification number | PR9275.S263 |
| Item number | P47647 2001 |
| 082 00 - DEWEY DECIMAL CLASSIFICATION NUMBER | |
| Classification number | 824/.914 |
| Edition number | 21 |
| 100 1# - MAIN ENTRY--PERSONAL NAME | |
| Personal name | Phillips, Caryl. |
| 245 12 - TITLE STATEMENT | |
| Title | A new world order : |
| Remainder of title | selected essays / |
| Statement of responsibility, etc. | Caryl Phillips. |
| 260 ## - PUBLICATION, DISTRIBUTION, ETC. | |
| Place of publication, distribution, etc. | London : |
| Name of publisher, distributor, etc. | Secker & Warburg, |
| Date of publication, distribution, etc. | 2001. |
| 300 ## - PHYSICAL DESCRIPTION | |
| Extent | 309 p. ; |
| Dimensions | 23 cm. |
| 505 8# - FORMATTED CONTENTS NOTE | |
| Formatted contents note | Machine generated contents note: The United States -- Introduction: The Burden of Race -- Native Son by Richard Wright -- Giovanni's Room by James Baldwin -- Marvin Gaye -- Fatheralong by John Edgar Wideman -- James Baldwin: The Lure of Hollywood -- Amistad -- Africa -- Introduction: Dispatches from Africa -- The Fortunes of Wangrin by Amadou Hampate Ba -- Nadine Gordimer The Beat of History -- J.M. Coetzee: Life and Times of John C. -- The Burden of Memoty, the Muse of Forgiveness by Wole Soyinka -- The Caribbean -- Introduction: The Gift of Displacement -- St Kitts: 19 September 1983 -- A Small Place by Jamaica Kincaid -- The Arkansas Testament by Derek Walcott -- C.L.R. James: Mariner, Renegade and Castaway -- Edouard Glissant: Promiscuities -- V.S. Naipaul -- Patrick Chamoiseau: Unmarooned -- Following On: The Legacy of Lamming and Selvon -- Britain -- Introduction: A Little Luggage -- Ignatius Sancho: A Black British Man of Letters -- Linton Kwesi Johnson: Prophet in Another Land -- The Pioneers: Fifty Years of Caribbean -- Migration to Britain -- White Teeth by Zadie Smith -- Extravagant Strangers -- Leeds United, Life and Me. |
| 650 #0 - SUBJECT ADDED ENTRY--TOPICAL TERM | |
| Topical term or geographic name entry element | Essays. |
| 856 41 - ELECTRONIC LOCATION AND ACCESS | |
| Materials specified | Table of contents |
| Uniform Resource Identifier | <a href="http://www.loc.gov/catdir/toc/fy031/2002318412.html">http://www.loc.gov/catdir/toc/fy031/2002318412.html</a> |
| 906 ## - LOCAL DATA ELEMENT F, LDF (RLIN) | |
| a | 7 |
| b | cbc |
| c | origres |
| d | 3 |
| e | ncip |
| f | 20 |
| g | y-gencatlg |
| 942 ## - ADDED ENTRY ELEMENTS (KOHA) | |
| Source of classification or shelving scheme | |
| Koha item type | Book |
| Withdrawn status | Lost status | Damaged status | Not for loan | Collection code | Permanent Location | Current Location | Shelving location | Date acquired | Total Checkouts | Full call number | Barcode | Date last seen | Price effective from | Koha item type |
|---|---|---|---|---|---|---|---|---|---|---|---|---|---|---|
| Centre for International Peace & Stability (CIPS) | Centre for International Peace & Stability (CIPS) | General Stacks | 10/02/2013 | 824.914 PHI 2001 | CIPS0001985 | 12/04/2013 | 12/04/2013 | Book |
